[Event "fast tourney for new members"]
[Site "SchemingMind.com"]
[Date "2006.06.19"]
[Round "-"]
[White "Rustler"]
[Black "ivan"]
[Result "0-1"]
[WhiteCountry "ENG"]
[BlackCountry "CRO"]
[WhiteElo "1143"]
[WhiteRD "136"]
[BlackElo "1678"]
[BlackRD "86"]
[GameID "55922"]

1. e4 e5 2. Nc3 Nf6 3. g3 Bb4 4. Nge2 d5 5. exd5 c6 6. dxc6 Nxc6 7. Bg2 Bg4 8. h3 Bh5 9. g4 Bg6 10. d3 O-O
11. O-O Qd7 12. Be3 Ba5 13. Ne4 Nxe4 14. dxe4 Qxd1 15. Rfxd1 f6 16. Rd7 Rab8 17. c3 Rfd8 18. Rad1 Bf7 19. b4 Bb6 20. Bxb6 axb6
21. Rxd8+ Rxd8 22. Rxd8+ Nxd8 23. a3 Bc4 24. Nc1 Nf7 25. Bf1 b5 26. Bxc4 bxc4 27. f3 b5 28. Kf2 Nd6 29. Ke3 Kf7 30. Ne2 Kg6
31. f4 Kf7
0-1

[Event "fast tourney for new members"]
[Site "SchemingMind.com"]
[Date "2006.06.19"]
[Round "-"]
[White "ivan"]
[Black "Rustler"]
[Result "1-0"]
[WhiteCountry "CRO"]
[BlackCountry "ENG"]
[WhiteElo "1678"]
[WhiteRD "86"]
[BlackElo "1143"]
[BlackRD "136"]
[GameID "55923"]

1. e4 e6 2. d4 d5 3. exd5 exd5 4. Nf3 Bd6 5. Nc3 c6 6. Be2 Qc7 7. O-O Ne7 8. Bg5 f6 9. Bh4 Bf5 10. Bd3 Bxd3
11. Qxd3 Nd7 12. Rfe1 O-O-O 13. Re2 Ng6 14. Bg3 Bf4 15. Qf5 Bxg3 16. hxg3 Rhe8 17. Rae1 Rxe2 18. Rxe2 Qb6 19. Na4 Qb4 20. Nc5 Qxb2
21. Re8 Qc1+ 22. Ne1 Nf8 23. Rxf8 Qxe1+ 24. Kh2 Qe7 25. Rxd8+ Qxd8 26. Nxd7 Qxd7 27. Qxh7 b5 28. c3 Kb7 29. Qb1
1-0

[Event "fast tourney for new members"]
[Site "SchemingMind.com"]
[Date "2006.06.25"]
[Round "-"]
[White "ansts"]
[Black "ivan"]
[Result "0-1"]
[WhiteCountry "PHI"]
[BlackCountry "CRO"]
[WhiteElo "1812"]
[WhiteRD "110"]
[BlackElo "1682"]
[BlackRD "106"]
[GameID "56715"]

1. d4 d5 2. e3 Nc6 3. c4 Nf6 4. Nc3 Bf5 5. Nf3 e6 6. a3 Ne4 7. cxd5 exd5 8. Be2 Be7 9. Qb3 Nxc3 10. bxc3 Qc8
11. Qxd5 Be6 12. Qe4 Qd7 13. Bb5 Qd5 14. Qd3 a6 15. c4 Qf5 16. Qxf5 Bxf5 17. Bxc6+ bxc6 18. Kd2 O-O 19. Bb2 Rab8 20. c5 Rxb2+
21. Kc3 Rxf2 22. Ne5 Be4 23. Rhg1 Rxg2 24. Rgb1 Bf6 25. Rb7 Bxe5 26. dxe5 Rxh2 27. Rxc7 Re2 28. Ra7 Rb8 29. Rf1 Rxe3+ 30. Kd4 Rf3
31. Rc1 Rxa3 32. e6 Ra4+ 33. Ke5 fxe6 34. Kxe6 Re8+ 35. Kd7 Rf8 36. Ke6 h6 37. Rg1 Bf5+ 38. Kd6 Rf6+ 39. Kc7 Rf7+ 40. Kb6 Rxa7
41. Kxa7 Rc4 42. Kxa6 Rb4 43. Rd1 Be4 44. Rc1 g5 45. Re1 Bd5 46. Ka5 Re4 47. Rd1 g4 48. Kb6 h5 49. Rf1 g3 50. Kc7 h4
51. Kd6 g2 52. Rd1 h3 53. Ra1 Rf4 54. Ke5 Rf1 55. Ra8+ Kg7 56. Ra7+ Kg6 57. Ra8 g1=Q 58. Rf8 Qe3+ 59. Kd6 Rxf8 60. Kc7 Rf7+
61. Kb6 Qb3+ 62. Ka6 Qb5#
0-1

[Event "fast tourney for new members"]
[Site "SchemingMind.com"]
[Date "2006.06.25"]
[Round "-"]
[White "ivan"]
[Black "ansts"]
[Result "1-0"]
[WhiteCountry "CRO"]
[BlackCountry "PHI"]
[WhiteElo "1682"]
[WhiteRD "106"]
[BlackElo "1812"]
[BlackRD "110"]
[GameID "56717"]

1. e4 c5 2. Nf3 d6 3. c3 Nc6 4. d4 cxd4 5. cxd4 Bg4 6. Nc3 e6 7. Bb5 a6 8. Ba4 b5 9. Bb3 Nf6 10. d5 exd5
11. exd5 Nd4 12. Qxd4 h6 13. Ne4 Qe7 14. Bc2 Bf5 15. Nd2 Nxe4 16. Nxe4 Bxe4 17. Qxe4 Kd7 18. Qxe7+ Bxe7 19. O-O g6 20. Bd2 Bf6
21. Bc3 Bxc3 22. bxc3 Rac8 23. Bb3 Rxc3 24. Rac1 b4 25. Rxc3 bxc3 26. Rc1 Rc8 27. Kf1 Ke7 28. Ke2 f5 29. Kd3 Kf6 30. Rxc3 Ra8
31. Rc6 Ke5 32. g3 g5 33. Rc7 a5 34. Rh7 a4 35. Bc4 Rb8 36. Rxh6 f4 37. Rh7 Rb2 38. gxf4+ Kxf4 39. h4 gxh4 40. Rxh4+ Kf3
41. Rh6 Rb6 42. Rf6+ Kg4 43. Ke4 Kg5 44. Rf8 Rb1 45. Rd8 Rb4 46. Kd3 Rb6 47. Ra8 Rb2 48. Rxa4 Rxf2 49. Ra6 Rf3+ 50. Ke4 Rf4+
51. Kd3 Rf3+ 52. Kc2 Rf6 53. Ra7 Kf5 54. Bb5 Rh6 55. a4 Ke5 56. Bc6 Kd4 57. Rb7 Rh2+ 58. Kb3 Kc5 59. Rb5+ Kd4 60. a5 Rh3+
61. Kb4 Rh1 62. a6 Ra1 63. Bb7 Ke5 64. Ra5 Rb1+ 65. Kc3 Kf6 66. a7 Rxb7 67. a8=Q Rd7 68. Qe8 Rc7+ 69. Kd4 Kg7 70. Ra2 Rf7
71. Rg2+ Kh6 72. Qe6+
1-0

[Event "fast tourney for new members"]
[Site "SchemingMind.com"]
[Date "2006.06.27"]
[Round "-"]
[White "jacksrking"]
[Black "ansts"]
[Result "0-1"]
[WhiteCountry "USA"]
[BlackCountry "PHI"]
[WhiteElo "1301"]
[WhiteRD "133"]
[BlackElo "1812"]
[BlackRD "110"]
[GameID "56958"]

1. e4 c5 2. Nc3 e6 3. Nf3 d6 4. Bb5+ Nc6 5. d4 cxd4 6. Nxd4 Bd7 7. O-O a6 8. Be2 Nf6 9. Bf3 Ne5 10. Be3 Rc8
11. a4 Be7 12. Bf4 Bc6 13. Nxc6 Nxc6 14. Re1 e5 15. Bg5 h6 16. Bxf6 Bxf6 17. Nd5 Nd4 18. Bg4 Rxc2 19. Nxf6+ gxf6 20. b4 Qc7
21. Rc1 Ke7 22. Re3 Rxc1 23. Kf1 Rxd1+ 24. Bxd1 Qc4+ 25. Be2 Qxb4 26. f4 exf4 27. Rd3 Qb1+ 28. Rd1 Qxe4 29. Re1 Nxe2
0-1

[Event "fast tourney for new members"]
[Site "SchemingMind.com"]
[Date "2006.06.27"]
[Round "-"]
[White "jacksrking"]
[Black "ivan"]
[Result "0-1"]
[WhiteCountry "USA"]
[BlackCountry "CRO"]
[WhiteElo "1301"]
[WhiteRD "133"]
[BlackElo "1682"]
[BlackRD "106"]
[GameID "56960"]

1. e4 e5 2. Bc4 Nf6 3. Nc3 Bc5 4. Nf3 d6 5. Ng5 O-O 6. d3 h6 7. Bxf7+ Rxf7 8. Nxf7 Kxf7 9. Be3 Bxe3 10. fxe3 Bg4
11. Qd2 Nc6 12. h3 Bh5 13. Rf1 Kg8 14. g4 Bg6 15. O-O-O Qd7 16. d4 Bf7 17. d5 Ne7 18. b3 Ng6 19. Qd3 Qe7 20. Qb5 b6
21. a4 Nd7 22. a5 Nc5 23. b4 Nd7 24. Qc6 Rb8 25. axb6 axb6 26. Qxc7 Qd8 27. Qxd6 b5 28. Qa6 Qb6 29. Qxb6 Nxb6 30. Nxb5 Nc4
31. Rfe1 Rxb5 32. d6 Rb8 33. d7 Rd8 34. b5 Be6 35. Rd2 Nxd2 36. Kxd2 Bxd7 37. b6 Bc6+ 38. Ke2 Bxe4 39. Rd1 Rxd1 40. Kxd1 Ne7
41. c4 Nc8 42. c5 Kf8 43. Kd2 Ke8 44. Kc3 Kd7 45. Kb4 Kc6 46. b7 Kxb7 47. Kb5 Ne7 48. h4 Nd5 49. c6+ Kc7 50. g5 Nxe3
51. gxh6 gxh6 52. Kc5 h5
0-1

[Event "fast tourney for new members"]
[Site "SchemingMind.com"]
[Date "2006.06.26"]
[Round "-"]
[White "ansts"]
[Black "jacksrking"]
[Result "1-0"]
[WhiteCountry "PHI"]
[BlackCountry "USA"]
[WhiteElo "1812"]
[WhiteRD "110"]
[BlackElo "1301"]
[BlackRD "133"]
[GameID "56962"]

1. d4 d5 2. e3 Bf5 3. c4 Nf6 4. Nc3 e6 5. a3 Nc6 6. h3 Bd6 7. g4 Bg6 8. cxd5 exd5 9. f4 Be4 10. Nf3 O-O
11. Bg2 a5 12. g5 Nh5 13. O-O Ng3 14. Re1 Qd7 15. Kh2 Nh5 16. Ne5 Bxe5 17. dxe5 Bxg2 18. Kxg2 g6 19. e4 d4 20. Nd5 Rae8
21. Qxh5 Re6 22. Qh6 f5 23. Nf6+ Rfxf6 24. gxf6 Nd8 25. Rd1 fxe4 26. b4 d3 27. Be3 b6 28. bxa5 bxa5 29. Bc5 Re8 30. Rab1 Nf7
31. Qg7#
1-0

[Event "fast tourney for new members"]
[Site "SchemingMind.com"]
[Date "2006.06.26"]
[Round "-"]
[White "ivan"]
[Black "jacksrking"]
[Result "1-0"]
[WhiteCountry "CRO"]
[BlackCountry "USA"]
[WhiteElo "1682"]
[WhiteRD "106"]
[BlackElo "1301"]
[BlackRD "133"]
[GameID "56964"]

1. e4 e5 2. Nf3 Nc6 3. Bb5 Nf6 4. Nc3 a6 5. Ba4 b5 6. Bb3 Bb7 7. O-O d5 8. d3 dxe4 9. Nxe4 Nxe4 10. dxe4 Qxd1
11. Rxd1 Rd8 12. Rxd8+ Nxd8 13. Nxe5 Bxe4 14. Bd2 Bc5 15. Re1 Ba8 16. Nxf7+
1-0

[Event "fast tourney for new members"]
[Site "SchemingMind.com"]
[Date "2006.06.27"]
[Round "-"]
[White "Bootstoots"]
[Black "ansts"]
[Result "0-1"]
[WhiteCountry "USA"]
[BlackCountry "PHI"]
[WhiteElo "1515"]
[WhiteRD "177"]
[BlackElo "1812"]
[BlackRD "110"]
[GameID "57008"]

1. e4 c5 2. e5 d6 3. exd6 exd6 4. Bb5+ Nc6 5. Bc4 d5 6. Be2 Nf6 7. Nf3 d4 8. O-O Bd6 9. Bc4 O-O 10. Ng5 Ne5
11. b3 h6 12. Ne4 Nxe4 13. f4 Ng4 14. Bd3 Qh4 15. h3 Ngf2 16. Qe2 Qg3 17. Rxf2 Nxf2 18. Qxf2 Qxf2+ 19. Kxf2 Bxf4 20. Ba3 b6
21. g3 Bc7 22. c3 Bxh3 23. Be4 Rad8 24. d3 f5 25. Bg2 Bxg2 26. Kxg2 dxc3 27. Nxc3 Rxd3 28. Rd1 Rxg3+ 29. Kf2 Rxc3 30. Bc1 Rc2+
31. Bd2 Bf4
0-1

[Event "fast tourney for new members"]
[Site "SchemingMind.com"]
[Date "2006.06.27"]
[Round "-"]
[White "Bootstoots"]
[Black "jacksrking"]
[Result "0-1"]
[WhiteCountry "USA"]
[BlackCountry "USA"]
[WhiteElo "1515"]
[WhiteRD "177"]
[BlackElo "1301"]
[BlackRD "133"]
[GameID "57010"]

1. e3 e5 2. Nf3 Nc6 3. Bc4 d5 4. Bb3 Nf6 5. d4 exd4 6. exd4 Bf5 7. O-O Bd6 8. Re1+ Be6 9. Nc3 O-O 10. Ng5 h6
11. Nh3 Ng4 12. Nb5 Bxh2+ 13. Kf1 Qf6 14. c4 Bg3 15. Bc2 Nh2+ 16. Kg1 Bxh3 17. Re2 Nf3+ 18. gxf3 Qxf3 19. Qf1 Bxf1 20. Bh7+ Kh8
0-1

[Event "fast tourney for new members"]
[Site "SchemingMind.com"]
[Date "2006.06.27"]
[Round "-"]
[White "Bootstoots"]
[Black "ivan"]
[Result "1-0"]
[WhiteCountry "USA"]
[BlackCountry "CRO"]
[WhiteElo "1500"]
[WhiteRD "255"]
[BlackElo "1570"]
[BlackRD "170"]
[GameID "57011"]

1. Nc3 d5 2. e3 e5 3. Nf3 Bg4 4. Be2 e4 5. Ne5 Bxe2 6. Qxe2 Qg5 7. f4 Qf6 8. Qb5+ Nc6 9. Qxb7 Qd8 10. Qxc6+ Ke7
11. Nxd5+
1-0

[Event "fast tourney for new members"]
[Site "SchemingMind.com"]
[Date "2006.06.27"]
[Round "-"]
[White "ansts"]
[Black "Bootstoots"]
[Result "1-0"]
[WhiteCountry "PHI"]
[BlackCountry "USA"]
[WhiteElo "1812"]
[WhiteRD "110"]
[BlackElo "1515"]
[BlackRD "177"]
[GameID "57013"]

1. d4 e6 2. c4 Bb4+ 3. Bd2 Qe7 4. Nf3 Nc6 5. a3 Ba5 6. b4 Bb6 7. c5 Nf6 8. cxb6 axb6 9. e3 d5 10. Bb5 O-O
11. Nc3 e5 12. Bxc6 bxc6 13. Nxe5 Ne4 14. Nxe4 dxe4 15. Nxc6 Qd7 16. Ne5 Qf5 17. Bc3 Re8 18. Qe2 Ba6 19. b5 Bb7 20. O-O Re6
21. Qc4 Rf8 22. Qxc7 Bc8 23. Bb4 Rfe8 24. Rac1 Rh6 25. Rc6 Qh5 26. Rxh6 Qxh6 27. Qxf7+
1-0

[Event "fast tourney for new members"]
[Site "SchemingMind.com"]
[Date "2006.06.27"]
[Round "-"]
[White "jacksrking"]
[Black "Bootstoots"]
[Result "0-1"]
[WhiteCountry "USA"]
[BlackCountry "USA"]
[WhiteElo "1301"]
[WhiteRD "133"]
[BlackElo "1515"]
[BlackRD "177"]
[GameID "57015"]

1. e4 Nf6 2. Nc3 d6 3. Bc4 Bg4 4. f3 Bh5 5. g4 Bg6 6. d3 e6 7. Nge2 Nc6 8. Bg5 h6 9. Be3 d5 10. exd5 exd5
11. Bb5 h5 12. Bg5 Bc5 13. Nf4 O-O 14. Bxc6 bxc6 15. Qe2 Re8 16. Ne4 dxe4 17. fxe4 Nxe4 18. Bxd8 Raxd8 19. Nxg6 fxg6 20. dxe4 Rf8
21. Rd1 Bf2+ 22. Kf1 Bh4+ 23. Kg2 Rf2+ 24. Kg1 Rxe2 25. Rxd8+ Bxd8
0-1

[Event "fast tourney for new members"]
[Site "SchemingMind.com"]
[Date "2006.06.27"]
[Round "-"]
[White "ivan"]
[Black "Bootstoots"]
[Result "1-0"]
[WhiteCountry "CRO"]
[BlackCountry "USA"]
[WhiteElo "1570"]
[WhiteRD "170"]
[BlackElo "1500"]
[BlackRD "255"]
[GameID "57016"]

1. e4 Nf6 2. Nc3 d5 3. Nxd5 Nxe4 4. Nc3 Ng5 5. d4 f6 6. Bxg5 fxg5 7. Nf3 e5 8. dxe5 Bb4 9. Qxd8+ Kxd8 10. Nxg5 Rf8
11. Bc4 Re8 12. O-O-O+ Ke7 13. Nd5+ Kf8 14. Nxc7 Rxe5 15. Nxh7+ Ke7 16. Nxa8 Bg4 17. f3 Bf5 18. Ng5 Rc5 19. Bb3 Nd7 20. Rd5 Nf6
21. Rxc5 Bxc5 22. Nc7 Be3+ 23. Kb1 Nd7= 24. Nd5+ Kd6 25. Nxe3 Bxc2+ 26. Bxc2
1-0

[Event "fast tourney for new members"]
[Site "SchemingMind.com"]
[Date "2006.06.27"]
[Round "-"]
[White "Ponsiani"]
[Black "ansts"]
[Result "0-1"]
[WhiteCountry "NED"]
[BlackCountry "PHI"]
[WhiteElo "1280"]
[WhiteRD "178"]
[BlackElo "1676"]
[BlackRD "90"]
[GameID "57234"]

1. e4 c5 2. d4 cxd4 3. Nf3 Nc6 4. Nxd4 e5 5. Nb5 d6 6. N1c3 a6 7. Na3 f5 8. Bc4 Nf6 9. Bg5 h6 10. Bxf6 gxf6
11. Nd5 h5 12. h4 fxe4 13. f3 exf3 14. Qxf3 Bg7 15. O-O-O Bg4
0-1

[Event "fast tourney for new members"]
[Site "SchemingMind.com"]
[Date "2006.06.27"]
[Round "-"]
[White "Ponsiani"]
[Black "ivan"]
[Result "0-1"]
[WhiteCountry "NED"]
[BlackCountry "CRO"]
[WhiteElo "1280"]
[WhiteRD "169"]
[BlackElo "1678"]
[BlackRD "86"]
[GameID "57237"]

1. e4 e5 2. Nf3 Nc6 3. d4 d6 4. dxe5 Nxe5 5. Nxe5 dxe5 6. Qxd8+ Kxd8 7. Bc4 f6 8. Nc3 Bb4 9. Bd2 Ne7 10. O-O-O Bd6
11. f4 b6 12. f5 Bb7 13. Be6 Nc6 14. Be3 Ne7 15. Rhe1 Bc6 16. g4 Ke8 17. h4 Ng8
0-1

[Event "fast tourney for new members"]
[Site "SchemingMind.com"]
[Date "2006.06.27"]
[Round "-"]
[White "Ponsiani"]
[Black "Bootstoots"]
[Result "0-1"]
[WhiteCountry "NED"]
[BlackCountry "USA"]
[WhiteElo "1280"]
[WhiteRD "169"]
[BlackElo "1637"]
[BlackRD "153"]
[GameID "57239"]

1. e4 c5 2. Nf3 d6 3. d4 cxd4 4. Nxd4 Nf6 5. Nc3 g6 6. Bg5 Bg7 7. Bb5+ Bd7 8. Qe2 O-O 9. Bxd7 Qxd7 10. Qb5 Nc6
11. O-O-O a6 12. Qd3 Ng4 13. Bh4 Nxd4 14. Nd5 Bf6 15. Bg3 Rac8 16. Nb6 Qc6 17. Nxc8 Rxc8 18. f3 Ne3 19. Rd2 Qa4
0-1

[Event "fast tourney for new members"]
[Site "SchemingMind.com"]
[Date "2006.06.27"]
[Round "-"]
[White "ansts"]
[Black "Ponsiani"]
[Result "1-0"]
[WhiteCountry "PHI"]
[BlackCountry "NED"]
[WhiteElo "1676"]
[WhiteRD "90"]
[BlackElo "1280"]
[BlackRD "178"]
[GameID "57240"]

1. d4 Nf6 2. c4 c5 3. e3 cxd4 4. exd4 g6 5. Nc3 Bg7 6. d5 d6 7. Nf3 O-O 8. h3 Nbd7 9. Bd3 Nc5 10. Bc2 a5
11. Be3 b6 12. Nd4 Ba6 13. b3 e6 14. Bg5 h6 15. Bh4 e5 16. Qf3
1-0

[Event "fast tourney for new members"]
[Site "SchemingMind.com"]
[Date "2006.06.28"]
[Round "-"]
[White "ivan"]
[Black "Ponsiani"]
[Result "1-0"]
[WhiteCountry "CRO"]
[BlackCountry "NED"]
[WhiteElo "1678"]
[WhiteRD "86"]
[BlackElo "1280"]
[BlackRD "169"]
[GameID "57243"]

1. e4 e5 2. Nf3 Nc6 3. Bb5 f5 4. Nc3 fxe4 5. Nxe4 Nf6 6. d3 Nd4 7. Nxd4 exd4 8. Bg5 Be7 9. Qf3 O-O 10. Bxf6 Bxf6
11. Nxf6+ Rxf6 12. Bc4+ Kh8 13. Qe2 d5 14. Bxd5 Qxd5 15. O-O Bd7 16. c4 dxc3 17. bxc3 Raf8 18. f3
1-0

[Event "fast tourney for new members"]
[Site "SchemingMind.com"]
[Date "2006.06.27"]
[Round "-"]
[White "Bootstoots"]
[Black "Ponsiani"]
[Result "1-0"]
[WhiteCountry "USA"]
[BlackCountry "NED"]
[WhiteElo "1515"]
[WhiteRD "177"]
[BlackElo "1391"]
[BlackRD "223"]
[GameID "57245"]

1. d4 Nf6 2. Nc3 g6 3. e4 d6 4. e5 dxe5 5. dxe5 Qxd1+ 6. Nxd1 Nd5 7. Ne3 c6 8. c4 Nb4 9. Bd2 e6 10. O-O-O Bg7
11. f4 a5 12. Be1 Nxa2+ 13. Kb1 Nb4 14. Bh4 b5 15. Rd8#
1-0